000 00363 a2200121 4500
001 ART_12719
005 20260410161909.0
008 260409a
245 1 0 _aWelfare implications of the taxation of savings
100 1 _aAtkinson, A.B.
700 1 _aSandmo, Agnar
773 0 _tThe Economic Journal
_g- Vol. 90, NÂș 359 (set. 1980)
_wREV12512
999 _c26612
_d26612